[Event "Hyderabad Singh Ji Memorial"]
[Site "Hyderabad"]
[Date "2023.01.14"]
[Round "9"]
[White "Ramnathan, Balasubramaniam"]
[Black "Krishna Karthik, N."]
[Result "1-0"]
[WhiteElo "2001"]
[BlackElo "1576"]
[PlyCount "93"]
[EventDate "2023.01.10"]
[EventType "swiss"]
[EventRounds "9"]
[EventCountry "IND"]
[SourceTitle "CBM 212 Extra"]
[Source "ChessBase"]
[SourceDate "2023.03.31"]
[SourceVersion "1"]
[SourceVersionDate "2023.03.31"]
[SourceQuality "1"]

1. e3 d5 2. f4 Nf6 3. Nf3 c5 4. b3 Nc6 5. Bb2 Bg4 6. Be2 Qc7 7. 0-0 Rd8 8. Ne5 Bxe2 9. Qxe2 e6 10. d3 Bd6 11. Nxc6 Qxc6 12. Nd2 Qc7 13. Nf3 d4 14. exd4 Bxf4 15. dxc5 Qxc5+ 16. d4 Qh5 17. g3 Bd6 18. Rae1 0-0 19. c4 Rfe8 20. Kg2 Qg4 21. Ne5 Qxe2+ 22. Rxe2 Re7 23. Nf3 a6 24. Ng5 h6 25. Nf3 b5 26. Rc1 bxc4 27. bxc4 Rc7 28. Nd2 Rdc8 29. Bc3 Ba3 30. Rb1 Rc6 31. c5 Nd5 32. Ba5 f6 33. Nc4 Bxc5 34. dxc5 Rxc5 35. Nd6 R8c6 36. Nb7 Rc2 37. Rb2 Rxb2 38. Rxb2 Ne3+ 39. Kf3 Nc4 40. Re2 f5 41. Bc3 Rb6 42. Nc5 Rc6 43. Nxe6 Nd6 44. Bb2 g5 45. Nd4 Rb6 46. Nb3 Ne4 47. g4 1-0